| 000 | 00825cam a22002533a 4500 | ||
|---|---|---|---|
| 001 | 2385 | ||
| 003 | PGUSA | ||
| 005 | 20140828083014.0 | ||
| 008 | 001101s2000||||xxu|||||s|||||000 e eng d | ||
| 040 |
_aPGUSA _beng |
||
| 042 | _adc | ||
| 050 | 4 | _aPS | |
| 100 | 1 |
_aHamilton, Gail, _d1833-1896 |
|
| 245 | 1 | 0 |
_aGala-Days _h[electronic resource] / _cGail Hamilton |
| 260 |
_bProject Gutenberg, _c2000 |
||
| 505 | 0 | _aGala-days -- A call to my countrywomen -- A spasm of sense -- Camilla's concert -- Cheri -- Side-glances at Harvard class-day -- Success in life -- Happiest days. | |
| 506 | _aPublic domain in the USA. | ||
| 516 | _aElectronic text | ||
| 653 | _aAmerican essays -- 19th century | ||
| 653 | _aTravel | ||
| 830 | 0 |
_aProject Gutenberg _v2385 |
|
| 856 | 4 | 0 | _uhttp://www.gutenberg.org/ebooks/2385 |
| 942 | _cEB | ||
| 999 |
_c231722 _d231722 |
||